000 00918nam a22002897a 4500
001 9622
003 FISKH
005 20260126122329.0
008 260126b cb ||||| |||| 00| 0 eng d
020 _a9780345391803
040 _aFISKH
_beng
_cFISKH
_dFISKH
050 _aPR6051 .D3352
082 _a823.08762
100 _a Adams , Douglas
245 _aThe hitchhiker's guide to the Galaxy /
_cBy Douglas Adams
260 _aNew York :
_bDrl Rey ,
_c1979 .
300 _a216 pages :
_billustrations ;
_c17 cm .
490 _aThe Hitchhiker's Guide to the Galaxy
_v1
505 _aZ
520 _aAfter Earth is demolished to make way for a new hyperspatial expressway, Arthur Dent begins to hitch-hike through space.
521 8 _a930
_bLexile
521 8 _aZ
_bRaz-Plus
650 _aHitchhiker
_vFiction
650 _aSpace travel
_vFiction
942 _2ddc
_cBK
_n0
999 _c9622
_d9622